Statistics for 'J' Movies

Click here to take the quiz!

General Stats

  • This quiz has been taken 27 times
  • The average score is 9 of 16

Answer Stats

Answer% Correct
Jaws
100%
Jurassic Park
96%
Joker
92%
Jumanji
81%
Juno
81%
The Jungle Book
77%
John Wick
73%
Justice League
58%
Jason Bourne
50%
Jack Reacher
46%
Jerry Maguire
46%
Jennifer's Body
42%
JFK
35%
Jackie Brown
31%
James and the Giant Peach
23%
Jack the Giant Slayer
4%

Score Distribution

Percentile by Number Answered

Percent of People with Each Score

Your Score History

You have not taken this quiz